Sports Quiz

Random Sports or MLB Quiz

MLB One-Team Hall of Famers Quiz Stats

 Plays Quiz Updated Dec 16, 2018

Challenge
Share
Tweet
Embed
Score 0/51 Timer 09:00
14 Plays Today
Heading Answer % Correct
YankeesMickey Mantle
90.8%
YankeesLou Gehrig
89.2%
BravesChipper Jones
89%
OriolesCal Ripken Jr.
87.8%
DodgersJackie Robinson
85.9%
OriolesBrooks Robinson
85.6%
AstrosCraig Biggio
85.4%
RoyalsGeorge Brett
85.3%
Red SoxTed Williams
84.4%
PadresTony Gwynn
84.1%
YankeesJoe DiMaggio
84%
AstrosJeff Bagwell
83.6%
TwinsKirby Puckett
82.7%
PhilliesMike Schmidt
82%
CubsErnie Banks
78.2%
BrewersRobin Yount
78.1%
PiratesRoberto Clemente
78.1%
CardinalsStan Musial
76.8%
RedsBarry Larkin
76.3%
RedsJohnny Bench
74.1%
Red SoxCarl Yastrzemski
73.9%
DodgersSandy Koufax
71.3%
PiratesWillie Stargell
68.2%
TigersAlan Trammell
67.7%
SenatorsWalter Johnson
63.7%
Red SoxJim Rice
63.7%
Heading Answer % Correct
TigersAl Kaline
62.8%
CardinalsBob Gibson
62.7%
YankeesWhitey Ford
62.5%
OriolesJim Palmer
59.4%
IndiansBob Feller
56%
GiantsMel Ott
55.7%
DodgersDon Drysdale
55.1%
DodgersPee Wee Reese
49.3%
DodgersRoy Campanella
45.2%
YankeesPhil Rizzuto
38.8%
PiratesBill Mazeroski
36.8%
GiantsTravis Jackson
32.9%
TigersCharlie Gehringer
28.5%
YankeesBill Dickey
27.3%
White SoxLuke Appling
27.2%
Red SoxBobby Doerr
26.9%
IndiansBob Lemon
19.2%
GiantsCarl Hubbell
19.1%
PiratesPie Traynor
16.4%
GiantsBill Terry
15.9%
YankeesEarle Combs
13%
White SoxTed Lyons
11.3%
IndiansAddie Joss
10%
White SoxRed Faber
6.6%
GiantsRoss Youngs
6%

You're not logged in!

Compare scores with friends on all Sporcle quizzes.
OR
Log In

You Might Also Like...

Show Comments

Extras

Top Quizzes Today


Score Distribution

Your Account Isn't Verified!

In order to create a playlist on Sporcle, you need to verify the email address you used during registration. Go to your Sporcle Settings to finish the process.

Report this User

Report this user for behavior that violates our Community Guidelines.

Details: